Ukrajina vydaje l'vivs'ke vydavnyctvo "Piramida" ...

Bibliographic Details
Format: Article
Language:Ukrainian
PhysicalDescription:Fotogr.
Subjects:

MARC

LEADER 00000nab a2200000 a 4500
001 vtls010129248
003 SK-MaSNL
005 20260318123810.0
008 230218c2010 xo br p 000 c0ukr
015 |a SNBRB2010/09 
038 |a SVKPOCL 
040 |a SVKPOCL  |b slo  |c SVKPOCL  |e AACR2 
041 0 |a ukr 
044 |a xo  |c SK 
080 |a 821.161.2-1  |2 2001 
245 0 0 |a Ukrajina vydaje  |b l'vivs'ke vydavnyctvo "Piramida" ...  |c [avtor] (r) 
300 |b Fotogr. 
500 |a Prezentovaná zbierka poézie vyšla v L'viv : Piramida, 2009 
600 1 7 |a Antonyč, Bohdan Ihor,  |d 1909-1937  |t Knyha leva. Rotaciji  |x básnické zbierky  |x prezentácie  |2 svkpocl  |9 1334083 
650 0 7 |a ukrajinská literatúra  |2 svkpocl  |9 1218 
651 7 |a Ukrajina  |2 svkpocl  |9 168045 
655 7 |a ukrajinská poézia  |2 svkpocl  |9 70502 
655 7 |a prezentácie  |2 svkpocl  |9 410921 
740 0 2 |a Rotaciji 
773 0 |t Duklja  |g Rič. 58, No 2 (2010), s. 82-91 [84] 
852 |a SVKPO  |b KIS3GCP 
958 |a UK 
958 |a LX 
958 |a UA 
958 |a SK 
958 |a OND 
958 |a EUIPO 
999 |c 2704338  |d 2706268